Structural health monitoring using pressure sensitive properties of carbon microfiber reinforced concrete matrix (Record no. 553559)
[ view plain ]
| 000 -LEADER | |
|---|---|
| fixed length control field | 00449nam a22001457a 4500 |
| 082 ## - DEWEY DECIMAL CLASSIFICATION NUMBER | |
| Classification number | P-627 |
| 100 ## - MAIN ENTRY--PERSONAL NAME | |
| Personal name | Muhammad Imran shahid |
| 9 (RLIN) | 50820 |
| 245 ## - TITLE STATEMENT | |
| Title | Structural health monitoring using pressure sensitive properties of carbon microfiber reinforced concrete matrix |
| 260 ## - PUBLICATION, DISTRIBUTION, ETC. | |
| Place of publication, distribution, etc. | Risalpur, |
| Name of publisher, distributor, etc. | MCE, |
| Date of publication, distribution, etc. | 2015. |
| 300 ## - PHYSICAL DESCRIPTION | |
| Extent | 45p. |
| 526 ## - STUDY PROGRAM INFORMATION NOTE | |
| Program name | 0 |
| Interest level | 0 |
| Reading level | 0 |
| Title point value | P_627 |
| 526 ## - STUDY PROGRAM INFORMATION NOTE | |
| Program name | 0 |
| Interest level | 0 |
| Reading level | 0 |
| Title point value | P_627 |
| 700 ## - ADDED ENTRY--PERSONAL NAME | |
| Personal name | Lt Col Maqbool sadiq awan |
| 9 (RLIN) | 50821 |
| 942 ## - ADDED ENTRY ELEMENTS (KOHA) | |
| Source of classification or shelving scheme | |
| Koha item type | Book |
| Withdrawn status | Lost status | Source of classification or shelving scheme | Damaged status | Not for loan | Permanent Location | Current Location | Date acquired | Total Checkouts | Full call number | Barcode | Date last seen | Price effective from | Koha item type |
|---|---|---|---|---|---|---|---|---|---|---|---|---|---|
| Military College of Engineering (MCE) | Military College of Engineering (MCE) | 07/09/2015 | P-627 | MCE-P-627 | 07/09/2015 | 07/09/2015 | Book | ||||||
| Military College of Engineering (MCE) | Military College of Engineering (MCE) | 07/09/2015 | P-627 | MCE-P-628 | 07/09/2015 | 07/09/2015 | Book |
